| 000 | 00891nam a2200229Ia 4500 | ||
|---|---|---|---|
| 999 |
_c35963 _d35963 |
||
| 001 | 1862 | ||
| 003 | GE_BSU | ||
| 005 | 20221007120503.0 | ||
| 008 | 181216s2007ru xx |||||||||||||| ||rus|| | ||
| 010 | _a985209025603 | ||
| 040 | _cGE_BSU | ||
| 041 | _arus | ||
| 080 | _a349.444(075.8) К-55 | ||
| 100 |
_aКопылов, М.Н. _915138 |
||
| 245 |
_aВведение в международное Экологическое право : _bУчебное пособие / _cМ.Н. Копылов |
||
| 264 |
_aМосква : _bРУДН, _c2007. |
||
| 300 |
_a267 с.: _b21 см. |
||
| 653 | _aВведение в международное Экологическое право | ||
| 653 | _aშესავალი საერთაშორისო გარემოსდაცვით სამართალში | ||
| 653 | _aსამართალი | ||
| 942 |
_cBK _2udc |
||